| Tag |
First Indicator |
Second Indicator |
Subfields |
| LEADER |
00000cam a2200000 4500 |
| 001 |
in00000093407 |
| 005 |
20150927070142.0 |
| 008 |
731001s1966 enkaf b 00010 eng |
| 010 |
|
|
|a 67074666
|
| 015 |
|
|
|a B67-2098
|
| 035 |
|
|
|a (OCoLC)00954325
|
| 035 |
|
|
|9 AAL5252AM
|
| 040 |
|
|
|a DLC
|c DLC
|d TXA
|d UtOrBLW
|
| 049 |
|
|
|a TXAM
|c [1147897]
|
| 050 |
0 |
0 |
|a TR395
|b .D8
|
| 082 |
0 |
|
|a 661/.808
|
| 100 |
1 |
|
|a Duffin, George Frank.
|
| 245 |
1 |
0 |
|a Photographic emulsion chemistry /
|c by G. F. Duffin.
|
| 264 |
|
1 |
|a London :
|b Focal Press,
|c [1966]
|
| 300 |
|
|
|a 239 pages :
|b 2 plates, tables, diagrams ;
|c 25 cm.
|
| 336 |
|
|
|a text
|b txt
|2 rdacontent
|
| 337 |
|
|
|a unmediated
|b n
|2 rdamedia
|
| 338 |
|
|
|a volume
|b nc
|2 rdacarrier
|
| 490 |
1 |
|
|a The Focal library
|
| 504 |
|
|
|a Includes bibliographical references.
|
| 650 |
|
0 |
|a Photographic emulsions.
|
| 830 |
|
0 |
|a Focal library.
|
| 999 |
|
|
|a MARS
|
| 999 |
f |
f |
|s ff3a30d3-f28e-3792-a353-05688961cc11
|i 5e8661c7-e09e-3bbc-859a-fa739e8a2022
|t 0
|
| 952 |
f |
f |
|p ric
|a Texas A&M University
|b Rellis Campus
|c Joint Library Facility
|d Remote Storage
|t 0
|e TR395 .D8
|h Library of Congress classification
|i unmediated -- volume
|m A14805626638
|
| 998 |
f |
f |
|a TR395 .D8
|t 0
|l Remote Storage
|